| 000 | 00360nam a2200133Ia 4500 | ||
|---|---|---|---|
| 005 | 20251222155113.0 | ||
| 008 | 251222s9999||||xx |||||||||||||| ||spa|| | ||
| 082 | _aEDUM.80 | ||
| 100 | _aTAMAYO C. José. 2003 | ||
| 245 | 0 | _aEstrategias para diseñar y desarrollar proyectos de investigac. | |
| 250 | _a1ra. ed. | ||
| 264 | _bMundo científico | ||
| 942 | _cLIB | ||
| 999 |
_c38124 _d38124 |
||